Welcome to WEB OPAC of MRSPTU Central Library

Shigley's Mechanical Engineering Design (Record no. 6642)

MARC details
000 -LEADER
fixed length control field 00496nam a2200181Ia 4500
008 - FIXED-LENGTH DATA ELEMENTS--GENERAL INFORMATION
fixed length control field 230711s9999||||xx |||||||||||||| ||und||
020 ## - INTERNATIONAL STANDARD BOOK NUMBER
International Standard Book Number 978-93-392-2163-8
041 ## - LANGUAGE CODE
Language code of text/sound track or separate title ENG
082 ## - DEWEY DECIMAL CLASSIFICATION NUMBER
Classification number 621.815
Item number BU-M
100 ## - MAIN ENTRY--PERSONAL NAME
Personal name Budynas,Richard G
245 #0 - TITLE STATEMENT
Title Shigley's Mechanical Engineering Design
250 ## - EDITION STATEMENT
Edition statement 10th Ed.
260 ## - PUBLICATION, DISTRIBUTION, ETC.
Date of publication, distribution, etc. 2017
Place of publication, distribution, etc. New Delhi
Name of publisher, distributor, etc. McGraw Hill Education(India) Private Limited
300 ## - PHYSICAL DESCRIPTION
Extent 1082p.
650 ## - SUBJECT ADDED ENTRY--TOPICAL TERM
Topical term or geographic name entry element Mechanical Engineering
700 ## - ADDED ENTRY--PERSONAL NAME
Personal name Keith Nisbett,J
942 ## - ADDED ENTRY ELEMENTS (KOHA)
Koha item type Book
Holdings
Withdrawn status Lost status Damaged status Not for loan Collection Home library Current library Date acquired Source of acquisition Cost, normal purchase price Inventory number Total checkouts Full call number Barcode Date last seen Price effective from Koha item type
          MRSPTU Central Library MRSPTU Central Library 08/08/2043 Krishna Book Distributors 850.00 KBD/2017-2018/1019243059   621.815 BU-M 39437 08/17/2023 08/17/2023 Book
          MRSPTU Central Library MRSPTU Central Library 08/08/2043 Krishna Book Distributors 850.00 KBD/2017-2018/1019243059   621.815 BU-M 39438 08/17/2023 08/17/2023 Book
          MRSPTU Central Library MRSPTU Central Library 08/08/2043 Krishna Book Distributors 850.00 KBD/2017-2018/1019243059   621.815 BU-M 39439 08/17/2023 08/17/2023 Book
          MRSPTU Central Library MRSPTU Central Library 08/08/2043 Krishna Book Distributors 850.00 KBD/2017-2018/1019243059   621.815 BU-M 39440 08/17/2023 08/17/2023 Book
          MRSPTU Central Library MRSPTU Central Library 08/08/2043 Krishna Book Distributors 850.00 KBD/2017-2018/1019243059   621.815 BU-M 39441 08/17/2023 08/17/2023 Book

Website Designed and Developed by MRSPTU Central Library Team

E-mail Id: librarian@mrsptu.ac.in